000 00869nmm a2200253 a 4500
001 ocm000663671
003 TR-IsHL
005 20201028141721.0
008 131226s2009 tu tur
007 cr cn
020 _a9789944604239
035 _a663671
_b(N$T)
050 0 4 _aTX658
_b.P76 2009
090 0 4 _aTX658
_b.P76 2009
245 1 0 _aProfesyonel mutfak ve ekipmanları için Avrupa direktifleri ve standartlarının uygulama rehberi
_h[electronic resource]
260 _aİstanbul :
_bİstanbul Ticaret Odası,
_c2009
300 _a150 p.
650 4 _aEkonomi ve Finans
650 4 _aEconomics and Finance
650 0 _aMutfak gereçleri
650 0 _aKitchen utensils
650 7 _aHOUSE & HOME / Equipment, Appliances & Supplies
_2bisacsh
856 4 0 _uhttp://search.ebscohost.com/login.aspx?direct=true&scope=site&db=e011xww&AN=663671
999 _c7965
_d7965